[Event "DEM U14 2024"]
[Site "Willingen GER"]
[Date "2024.05.19"]
[Round "2"]
[White "Mukazhanov, Mansur"]
[Black "Henn, Jakob"]
[Result "1-0"]
[Termination "normal"]
[Board "21"]
[WhiteElo "1919"]
[BlackElo "1760"]
[WhiteClock "01:19:41"]
[BlackClock "00:01:06"]
[PlyCount "81"]
[WhiteFideId "13752324"]
[BlackFideId "34675060"]
[EventCountry "GER"]
[EventRounds "9"]
[EventType "swiss"]
[EventDate "2024.05.18"]

1. e4 {[%clk 01:30:58]} {[%emt 00:00:01]} e6 {[%clk 01:30:51]} {[%emt
00:00:09]} 2. d4 {[%clk 01:30:50]} {[%emt 00:00:38]} d5 {[%clk 01:31:16]}
{[%emt 00:00:05]} 3. exd5 {[%clk 01:30:06]} {[%emt 00:01:14]} exd5 {[%clk
01:31:38]} {[%emt 00:00:07]} 4. Nf3 {[%clk 01:30:25]} {[%emt 00:00:12]} Nc6
{[%clk 01:31:56]} {[%emt 00:00:11]} 5. Bb5 {[%clk 01:30:49]} {[%emt 00:00:07]}
Bd6 {[%clk 01:31:32]} {[%emt 00:00:54]} 6. c4 {[%clk 01:31:02]} {[%emt
00:00:18]} dxc4 {[%clk 01:30:40]} {[%emt 00:01:22]} 7. O-O {[%clk 01:30:50]}
{[%emt 00:00:41]} Nge7 {[%clk 01:22:59]} {[%emt 00:08:11]} 8. Bxc4 {[%clk
01:30:18]} {[%emt 00:01:02]} O-O {[%clk 01:21:31]} {[%emt 00:01:58]} 9. Nc3
{[%clk 01:27:52]} {[%emt 00:02:57]} Bg4 {[%clk 01:14:51]} {[%emt 00:07:09]} 10.
Be3 {[%clk 01:27:49]} {[%emt 00:00:33]} Nf5 {[%clk 01:11:43]} {[%emt 00:03:38]}
11. Qc2 {[%clk 01:26:57]} {[%emt 00:01:22]} Bxf3 {[%clk 01:01:57]} {[%emt
00:10:17]} 12. Qxf5 {[%clk 01:27:15]} {[%emt 00:00:11]} Qh4 {[%clk 01:02:08]}
{[%emt 00:00:19]} 13. h3 {[%clk 01:24:49]} {[%emt 00:02:56]} Bh5 {[%clk
00:54:34]} {[%emt 00:08:04]} 14. g3 {[%clk 01:23:49]} {[%emt 00:01:30]} Bxg3
{[%clk 00:52:09]} {[%emt 00:02:55]} 15. fxg3 {[%clk 01:24:12]} {[%emt
00:00:08]} Qxg3+ {[%clk 00:52:28]} {[%emt 00:00:10]} 16. Kh1 {[%clk 01:24:35]}
{[%emt 00:00:07]} Bg6 {[%clk 00:49:47]} {[%emt 00:03:11]} 17. Qf3 {[%clk
01:24:45]} {[%emt 00:00:20]} Qxf3+ {[%clk 00:31:10]} {[%emt 00:19:06]} 18. Rxf3
{[%clk 01:24:58]} {[%emt 00:00:18]} Rfe8 {[%clk 00:25:31]} {[%emt 00:06:09]}
19. Kh2 {[%clk 01:20:46]} {[%emt 00:04:43]} Rad8 {[%clk 00:20:48]} {[%emt
00:05:13]} 20. Raf1 {[%clk 01:19:21]} {[%emt 00:01:54]} Bh5 {[%clk 00:18:33]}
{[%emt 00:02:45]} 21. Rg3 {[%clk 01:17:13]} {[%emt 00:02:38]} Nxd4 {[%clk
00:18:11]} {[%emt 00:00:52]} 22. Nd5 {[%clk 01:16:21]} {[%emt 00:01:23]} Nf3+
{[%clk 00:15:51]} {[%emt 00:02:49]} 23. Rfxf3 {[%clk 01:16:38]} {[%emt
00:00:14]} Bxf3 {[%clk 00:16:17]} {[%emt 00:00:04]} 24. Nf6+ {[%clk 01:17:01]}
{[%emt 00:00:06]} Kf8 {[%clk 00:11:58]} {[%emt 00:04:50]} 25. Nxe8 {[%clk
01:17:22]} {[%emt 00:00:08]} Be4 {[%clk 00:06:13]} {[%emt 00:06:15]} 26. Nxc7
{[%clk 01:16:35]} {[%emt 00:01:17]} Rc8 {[%clk 00:05:06]} {[%emt 00:01:37]} 27.
Bc5+ {[%clk 01:16:54]} {[%emt 00:00:12]} Kg8 {[%clk 00:05:19]} {[%emt
00:00:16]} 28. Re3 {[%clk 01:17:22]} {[%emt 00:00:02]} Rxc7 {[%clk 00:04:23]}
{[%emt 00:01:26]} 29. Rxe4 {[%clk 01:17:35]} {[%emt 00:00:17]} h6 {[%clk
00:02:46]} {[%emt 00:02:06]} 30. Bd3 {[%clk 01:17:55]} {[%emt 00:00:11]} f5
{[%clk 00:02:02]} {[%emt 00:01:13]} 31. Re8+ {[%clk 01:16:59]} {[%emt
00:01:28]} Kf7 {[%clk 00:01:08]} {[%emt 00:01:23]} 32. Rf8+ {[%clk 01:17:24]}
{[%emt 00:00:05]} Ke6 {[%clk 00:00:52]} {[%emt 00:00:46]} 33. Bxf5+ {[%clk
01:17:41]} {[%emt 00:00:13]} Ke5 {[%clk 00:00:34]} {[%emt 00:00:49]} 34. Bf2
{[%clk 01:17:59]} {[%emt 00:00:11]} Re7 {[%clk 00:00:32]} {[%emt 00:00:32]} 35.
Bd3 {[%clk 01:18:13]} {[%emt 00:00:16]} Rd7 {[%clk 00:00:38]} {[%emt 00:00:25]}
36. Rf3 {[%clk 01:18:12]} {[%emt 00:00:30]} a6 {[%clk 00:00:46]} {[%emt
00:00:23]} 37. Bg3+ {[%clk 01:18:28]} {[%emt 00:00:12]} Kd4 {[%clk 00:00:51]}
{[%emt 00:00:26]} 38. Bf5 {[%clk 01:18:43]} {[%emt 00:00:15]} Rf7 {[%clk
00:01:08]} {[%emt 00:00:14]} 39. Bf2+ {[%clk 01:19:00]} {[%emt 00:00:12]} Ke5
{[%clk 00:01:06]} {[%emt 00:00:32]} 40. Bg4 {[%clk 01:19:21]} {[%emt 00:00:09]}
Re7 {[%clk 00:01:06]} {[%emt 00:00:30]} 41. Re3+ {[%clk 01:19:41]} {[%emt
00:00:11]} 1-0

[Event "DEM U14 2024"]
[Site "Willingen GER"]
[Date "2024.05.19"]
[Round "2"]
[White "Savchuk, Alexander"]
[Black "Li, Luxuan"]
[Result "1-0"]
[Termination "normal"]
[Board "22"]
[WhiteElo "1865"]
[BlackElo "1709"]
[WhiteClock "00:02:36"]
[BlackClock "00:00:44"]
[PlyCount "77"]
[WhiteFideId "34617434"]
[BlackFideId "34617507"]
[EventCountry "GER"]
[EventRounds "9"]
[EventType "swiss"]
[EventDate "2024.05.18"]

1. e4 {[%clk 01:30:45]} {[%emt 00:00:14]} e5 {[%clk 01:30:31]} {[%emt
00:00:30]} 2. Nf3 {[%clk 01:31:01]} {[%emt 00:00:12]} Nc6 {[%clk 01:30:55]}
{[%emt 00:00:07]} 3. Bc4 {[%clk 01:31:14]} {[%emt 00:00:17]} Be7 {[%clk
01:31:19]} {[%emt 00:00:07]} 4. d4 {[%clk 01:31:31]} {[%emt 00:00:12]} d6
{[%clk 01:31:42]} {[%emt 00:00:07]} 5. O-O {[%clk 01:28:57]} {[%emt 00:03:04]}
Bg4 {[%clk 01:29:00]} {[%emt 00:03:12]} 6. h3 {[%clk 01:18:23]} {[%emt
00:11:04]} Bxf3 {[%clk 01:28:13]} {[%emt 00:01:18]} 7. Qxf3 {[%clk 01:18:45]}
{[%emt 00:00:07]} Nf6 {[%clk 01:28:31]} {[%emt 00:00:13]} 8. d5 {[%clk
01:16:47]} {[%emt 00:02:27]} Nb8 {[%clk 01:28:13]} {[%emt 00:00:48]} 9. Bd3
{[%clk 01:13:14]} {[%emt 00:04:02]} Nbd7 {[%clk 01:26:53]} {[%emt 00:01:51]}
10. c4 {[%clk 01:13:15]} {[%emt 00:00:28]} Nc5 {[%clk 01:26:24]} {[%emt
00:01:00]} 11. Nc3 {[%clk 01:10:46]} {[%emt 00:02:57]} a6 {[%clk 01:24:04]}
{[%emt 00:02:51]} 12. Bd2 {[%clk 01:07:49]} {[%emt 00:03:27]} c6 {[%clk
01:19:04]} {[%emt 00:05:31]} 13. b4 {[%clk 01:07:23]} {[%emt 00:00:55]} Nxd3
14. Qxd3 {[%clk 01:07:47]} cxd5 {[%clk 01:18:19]} {[%emt 00:00:21]} 15. exd5
{[%clk 01:02:18]} {[%emt 00:05:59]} Rc8 {[%clk 01:16:48]} {[%emt 00:02:01]} 16.
Rac1 {[%clk 01:01:42]} {[%emt 00:01:06]} Qd7 {[%clk 01:15:28]} {[%emt
00:01:51]} 17. Rfd1 {[%clk 00:55:51]} {[%emt 00:06:20]} O-O {[%clk 01:14:21]}
{[%emt 00:01:36]} 18. Bg5 {[%clk 00:51:04]} {[%emt 00:05:15]} Nh5 {[%clk
01:10:56]} {[%emt 00:03:57]} 19. Bxe7 {[%clk 00:49:50]} {[%emt 00:01:44]} Qxe7
{[%clk 01:09:45]} {[%emt 00:01:42]} 20. Ne2 {[%clk 00:49:54]} {[%emt 00:00:25]}
f5 {[%clk 01:02:56]} {[%emt 00:07:19]} 21. c5 {[%clk 00:47:59]} {[%emt
00:02:25]} e4 {[%clk 00:58:38]} {[%emt 00:04:47]} 22. Qd4 {[%clk 00:44:59]}
{[%emt 00:03:29]} Rfd8 {[%clk 00:43:37]} {[%emt 00:15:33]} 23. c6 {[%clk
00:38:25]} {[%emt 00:07:04]} bxc6 {[%clk 00:35:41]} {[%emt 00:08:26]} 24. dxc6
{[%clk 00:37:52]} {[%emt 00:01:03]} d5 {[%clk 00:31:40]} {[%emt 00:04:31]} 25.
a4 {[%clk 00:31:22]} {[%emt 00:06:59]} f4 {[%clk 00:22:16]} {[%emt 00:09:55]}
26. Qc5 {[%clk 00:12:51]} {[%emt 00:19:01]} Qg5 {[%clk 00:16:07]} {[%emt
00:06:39]} 27. h4 {[%clk 00:05:10]} {[%emt 00:08:10]} Qg4 {[%clk 00:09:49]}
{[%emt 00:06:48]} 28. Rxd5 {[%clk 00:03:44]} {[%emt 00:01:57]} Qxe2 {[%clk
00:03:08]} {[%emt 00:07:11]} 29. Rxd8+ {[%clk 00:03:55]} {[%emt 00:00:19]} Rxd8
{[%clk 00:03:24]} {[%emt 00:00:14]} 30. c7 {[%clk 00:04:12]} {[%emt 00:00:12]}
Rc8 {[%clk 00:01:54]} {[%emt 00:06:36]} 31. Qd5+ {[%clk 00:04:39]} Kf8 {[%clk
00:02:13]} 32. Qf5+ {[%clk 00:04:33]} Ke7 {[%clk 00:02:21]} 33. Qxc8 {[%clk
00:04:48]} e3 {[%clk 00:01:20]} 34. Qd8+ {[%clk 00:05:07]} {[%emt 00:00:01]}
Kf7 {[%clk 00:01:24]} {[%emt 00:00:03]} 35. c8=Q {[%clk 00:01:35]} {[%emt
00:02:58]} exf2+ {[%clk 00:00:47]} {[%emt 00:01:07]} 36. Kh2 {[%clk 00:01:52]}
{[%emt 00:00:12]} f1=N+ {[%clk 00:00:33]} {[%emt 00:00:45]} 37. Rxf1 {[%clk
00:02:09]} {[%emt 00:00:12]} Qxf1 {[%clk 00:00:44]} {[%emt 00:00:20]} 38. Qcd7+
{[%clk 00:02:07]} {[%emt 00:00:30]} Kg6 {[%clk 00:00:44]} {[%emt 00:00:31]} 39.
Qg5# {[%clk 00:02:36]} {[%emt 00:00:01]} 1-0

[Event "DEM U14 2024"]
[Site "Willingen GER"]
[Date "2024.05.19"]
[Round "2"]
[White "Keßler, Leo"]
[Black "Thümler, Floris"]
[Result "0-1"]
[Termination "normal"]
[Board "23"]
[WhiteElo "1640"]
[BlackElo "1938"]
[WhiteClock "00:34:56"]
[BlackClock "00:52:56"]
[PlyCount "62"]
[WhiteFideId "533000638"]
[BlackFideId "16296435"]
[EventCountry "GER"]
[EventRounds "9"]
[EventType "swiss"]
[EventDate "2024.05.18"]

1. e4 {[%clk 01:30:51]} {[%emt 00:00:08]} e5 {[%clk 01:30:58]} {[%emt
00:00:02]} 2. Nf3 {[%clk 01:31:13]} {[%emt 00:00:08]} Nc6 {[%clk 01:31:22]}
{[%emt 00:00:05]} 3. Bc4 {[%clk 01:31:38]} {[%emt 00:00:06]} Nf6 {[%clk
01:31:47]} {[%emt 00:00:05]} 4. Nc3 {[%clk 01:31:58]} {[%emt 00:00:10]} Nxe4
{[%clk 01:31:53]} {[%emt 00:00:24]} 5. Bxf7+ {[%clk 01:32:02]} {[%emt
00:00:27]} Kxf7 {[%clk 01:32:04]} {[%emt 00:00:17]} 6. Nxe4 {[%clk 01:32:23]}
{[%emt 00:00:10]} Be7 {[%clk 01:31:35]} {[%emt 00:00:58]} 7. d4 {[%clk
01:31:14]} {[%emt 00:01:40]} exd4 {[%clk 01:28:43]} {[%emt 00:03:22]} 8. Nfg5+
{[%clk 01:24:51]} {[%emt 00:06:53]} Kg8 {[%clk 01:22:20]} {[%emt 00:06:53]} 9.
Qf3 {[%clk 01:23:00]} {[%emt 00:02:21]} Ne5 {[%clk 01:21:30]} {[%emt 00:01:19]}
10. Qb3+ {[%clk 01:17:18]} {[%emt 00:06:13]} d5 {[%clk 01:21:30]} {[%emt
00:00:29]} 11. Bf4 {[%clk 01:16:03]} {[%emt 00:01:46]} Ng6 {[%clk 01:19:25]}
{[%emt 00:02:34]} 12. Bxc7 {[%clk 01:15:19]} {[%emt 00:01:15]} Qd7 {[%clk
01:18:50]} {[%emt 00:01:05]} 13. O-O {[%clk 01:02:03]} {[%emt 00:13:46]} h6
{[%clk 01:14:03]} {[%emt 00:05:17]} 14. Nf3 {[%clk 00:58:53]} {[%emt 00:03:40]}
Kh7 {[%clk 01:13:31]} {[%emt 00:01:01]} 15. Ng3 {[%clk 00:47:28]} {[%emt
00:11:56]} Qxc7 {[%clk 01:12:47]} {[%emt 00:01:12]} 16. Nxd4 {[%clk 00:47:48]}
{[%emt 00:00:12]} Rd8 {[%clk 01:10:21]} {[%emt 00:02:56]} 17. c3 {[%clk
00:48:04]} {[%emt 00:00:14]} Bf6 {[%clk 01:09:37]} {[%emt 00:01:13]} 18. Nde2
{[%clk 00:46:47]} {[%emt 00:01:48]} d4 {[%clk 01:08:06]} {[%emt 00:02:01]} 19.
cxd4 {[%clk 00:46:51]} {[%emt 00:00:26]} Bxd4 {[%clk 01:08:06]} {[%emt
00:00:28]} 20. Rac1 {[%clk 00:47:05]} {[%emt 00:00:18]} Qb6 {[%clk 01:04:44]}
{[%emt 00:03:44]} 21. Nxd4 {[%clk 00:41:26]} {[%emt 00:06:16]} Rxd4 {[%clk
01:03:21]} {[%emt 00:01:53]} 22. Qc2 {[%clk 00:41:27]} {[%emt 00:00:30]} Bd7
{[%clk 01:01:31]} {[%emt 00:02:18]} 23. Kh1 {[%clk 00:41:34]} {[%emt 00:00:24]}
Rc8 {[%clk 01:01:20]} {[%emt 00:00:39]} 24. Qb1 {[%clk 00:41:21]} {[%emt
00:00:46]} Rf8 {[%clk 00:58:01]} {[%emt 00:03:43]} 25. a3 {[%clk 00:40:17]}
{[%emt 00:01:39]} Rd2 {[%clk 00:56:46]} {[%emt 00:01:44]} 26. f3 {[%clk
00:38:13]} {[%emt 00:02:35]} Rxb2 {[%clk 00:55:53]} {[%emt 00:01:22]} 27. Qe4
{[%clk 00:38:03]} {[%emt 00:00:40]} Re8 {[%clk 00:53:21]} {[%emt 00:03:03]} 28.
Qc4 {[%clk 00:34:47]} {[%emt 00:03:46]} Bb5 {[%clk 00:53:09]} {[%emt 00:00:39]}
29. Qf7 {[%clk 00:35:07]} {[%emt 00:00:13]} Re7 {[%clk 00:53:29]} {[%emt
00:00:10]} 30. Qd5 {[%clk 00:34:42]} {[%emt 00:00:53]} Bxf1 {[%clk 00:52:56]}
{[%emt 00:01:04]} 31. Rc8 {[%clk 00:34:56]} {[%emt 00:00:17]} Bxg2# {[%emt
00:00:11]} 0-1

[Event "DEM U14 2024"]
[Site "Willingen GER"]
[Date "2024.05.19"]
[Round "2"]
[White "Sasse, Conan"]
[Black "Schöne, Finn"]
[Result "1/2-1/2"]
[Termination "normal"]
[Board "24"]
[WhiteElo "1779"]
[BlackElo "1815"]
[WhiteClock "00:35:35"]
[BlackClock "00:01:17"]
[PlyCount "135"]
[WhiteFideId "34684336"]
[BlackFideId "34623493"]
[EventCountry "GER"]
[EventRounds "9"]
[EventType "swiss"]
[EventDate "2024.05.18"]

1. c4 {[%clk 01:30:59]} {[%emt 00:00:01]} e6 {[%clk 01:30:55]} {[%emt
00:00:05]} 2. Nf3 {[%clk 01:31:24]} {[%emt 00:00:05]} d5 {[%clk 01:31:11]}
{[%emt 00:00:14]} 3. e3 {[%clk 01:31:37]} {[%emt 00:00:16]} c6 {[%clk
01:30:55]} {[%emt 00:00:47]} 4. b3 {[%clk 01:31:49]} {[%emt 00:00:18]} f5
{[%clk 01:29:25]} {[%emt 00:02:01]} 5. Nc3 {[%clk 01:32:01]} {[%emt 00:00:17]}
Nf6 {[%clk 01:29:42]} {[%emt 00:00:13]} 6. Bb2 {[%clk 01:32:19]} {[%emt
00:00:12]} Be7 {[%clk 01:29:31]} {[%emt 00:00:40]} 7. Qc2 {[%clk 01:32:27]}
{[%emt 00:00:23]} O-O {[%clk 01:29:38]} {[%emt 00:00:22]} 8. Be2 {[%clk
01:32:31]} {[%emt 00:00:26]} Ne4 {[%clk 01:29:01]} {[%emt 00:01:07]} 9. O-O
{[%clk 01:32:44]} {[%emt 00:00:18]} Nd7 {[%clk 01:28:09]} {[%emt 00:01:22]} 10.
d3 {[%clk 01:31:16]} {[%emt 00:01:58]} Nxc3 {[%clk 01:28:12]} {[%emt 00:00:26]}
11. Bxc3 {[%clk 01:31:33]} {[%emt 00:00:14]} Bf6 {[%clk 01:23:20]} {[%emt
00:05:22]} 12. cxd5 {[%clk 01:27:28]} {[%emt 00:04:35]} exd5 {[%clk 01:21:11]}
{[%emt 00:02:39]} 13. Bxf6 {[%clk 01:26:39]} {[%emt 00:01:19]} Nxf6 {[%clk
01:18:00]} {[%emt 00:03:41]} 14. Rac1 {[%clk 01:25:55]} {[%emt 00:01:13]} Bd7
{[%clk 01:15:48]} {[%emt 00:02:43]} 15. Rfd1 {[%clk 01:24:18]} {[%emt
00:02:07]} Be8 {[%clk 01:14:42]} {[%emt 00:01:36]} 16. Nd4 {[%clk 01:21:03]}
{[%emt 00:03:45]} Qd7 {[%clk 01:12:39]} {[%emt 00:02:33]} 17. Nf3 {[%clk
01:18:52]} {[%emt 00:02:41]} Qc7 {[%clk 01:08:52]} {[%emt 00:04:17]} 18. Qb2
{[%clk 01:16:02]} {[%emt 00:03:20]} Bh5 {[%emt 00:02:04]} 19. Nd4 {[%clk
01:13:03]} {[%emt 00:03:27]} Qe5 {[%clk 00:58:36]} {[%emt 00:09:13]} 20. Bxh5
{[%clk 01:12:57]} {[%emt 00:00:36]} Nxh5 {[%clk 00:58:59]} {[%emt 00:00:07]}
21. Qe2 {[%clk 01:13:00]} {[%emt 00:00:27]} Nf6 {[%clk 00:57:57]} {[%emt
00:01:32]} 22. f4 {[%clk 01:12:08]} {[%emt 00:01:23]} Qe8 {[%clk 00:54:50]}
{[%emt 00:03:29]} 23. Nxf5 {[%clk 01:11:08]} {[%emt 00:01:38]} Nd7 {[%clk
00:48:21]} {[%emt 00:06:59]} 24. Ng3 {[%clk 01:10:30]} {[%emt 00:01:08]} d4
{[%clk 00:47:46]} {[%emt 00:01:04]} 25. Ne4 {[%clk 01:08:10]} {[%emt 00:02:51]}
Nb6 {[%clk 00:44:57]} {[%emt 00:03:19]} 26. exd4 {[%clk 01:06:34]} {[%emt
00:02:05]} Rxf4 {[%clk 00:44:48]} {[%emt 00:00:39]} 27. Rf1 {[%clk 01:06:56]}
{[%emt 00:00:08]} Rxf1+ {[%clk 00:41:17]} {[%emt 00:04:01]} 28. Rxf1 {[%clk
01:07:19]} {[%emt 00:00:08]} Rd8 {[%clk 00:38:44]} {[%emt 00:03:03]} 29. Qg4
{[%clk 01:04:03]} {[%emt 00:03:46]} Qe7 {[%clk 00:33:57]} {[%emt 00:05:17]} 30.
Ng5 {[%clk 01:02:25]} {[%emt 00:02:08]} Qe3+ {[%clk 00:32:48]} {[%emt
00:01:38]} 31. Kh1 {[%clk 01:02:49]} {[%emt 00:00:04]} Qe7 {[%clk 00:16:40]}
{[%emt 00:16:40]} 32. Qh5 {[%clk 00:57:15]} {[%emt 00:06:04]} h6 {[%clk
00:16:04]} {[%emt 00:01:06]} 33. Ne4 {[%clk 00:55:45]} {[%emt 00:02:00]} Rxd4
{[%clk 00:11:53]} {[%emt 00:04:42]} 34. Qg6 {[%clk 00:53:47]} {[%emt 00:02:28]}
Nd7 {[%clk 00:09:41]} {[%emt 00:02:42]} 35. Qg3 {[%clk 00:49:09]} {[%emt
00:05:07]} Kh8 {[%clk 00:03:17]} {[%emt 00:10:32]} 36. Re1 {[%clk 00:45:48]}
{[%emt 00:00:12]} Qb4 {[%clk 00:01:24]} {[%emt 00:02:23]} 37. Qe3 {[%clk
00:45:20]} {[%emt 00:00:58]} Rxd3 {[%clk 00:00:57]} {[%emt 00:00:58]} 38. Qe2
{[%clk 00:45:49]} {[%emt 00:00:01]} Rd5 {[%clk 00:00:53]} {[%emt 00:00:34]} 39.
Rc1 {[%clk 00:42:52]} {[%emt 00:03:27]} Qe7 {[%clk 00:00:48]} {[%emt 00:00:35]}
40. Ng3 {[%clk 00:41:53]} {[%emt 00:01:28]} Qxe2 {[%clk 00:00:51]} {[%emt
00:00:28]} 41. Nxe2 {[%clk 00:42:18]} {[%emt 00:00:04]} Rd2 {[%clk 00:01:08]}
{[%emt 00:00:13]} 42. Nc3 {[%clk 00:42:47]} {[%emt 00:00:02]} Ne5 {[%clk
00:27:42]} {[%emt 00:04:01]} 43. Kg1 {[%clk 01:09:47]} {[%emt 00:03:31]} Kg8
{[%clk 00:27:40]} {[%emt 00:00:32]} 44. Re1 {[%clk 01:08:45]} {[%emt 00:01:31]}
Ng6 {[%clk 00:25:41]} {[%emt 00:02:30]} 45. Re8+ {[%clk 01:04:10]} {[%emt
00:05:05]} Kf7 {[%clk 00:25:03]} {[%emt 00:01:08]} 46. Ra8 {[%clk 00:47:25]}
{[%emt 00:17:14]} a6 {[%clk 00:20:41]} {[%emt 00:04:52]} 47. Ra7 {[%clk
00:47:44]} {[%emt 00:00:11]} Rd7 {[%clk 00:17:54]} {[%emt 00:03:17]} 48. Na4
{[%clk 00:48:04]} {[%emt 00:00:10]} Kf6 {[%clk 00:17:10]} {[%emt 00:01:14]} 49.
Nc5 {[%clk 00:47:06]} {[%emt 00:01:27]} Rd5 {[%clk 00:16:26]} {[%emt 00:01:15]}
50. Nxb7 {[%clk 00:46:40]} {[%emt 00:00:57]} Rd7 {[%clk 00:16:35]} {[%emt
00:00:20]} 51. Rxa6 {[%clk 00:47:01]} {[%emt 00:00:09]} Rxb7 {[%clk 00:16:51]}
{[%emt 00:00:15]} 52. Rxc6+ {[%clk 00:47:23]} {[%emt 00:00:07]} Kf5 {[%clk
00:16:56]} {[%emt 00:00:25]} 53. Rc5+ {[%clk 00:46:07]} {[%emt 00:01:47]} Ke4
{[%clk 00:17:09]} {[%emt 00:00:15]} 54. Rc4+ {[%clk 00:46:03]} {[%emt
00:00:36]} Kd3 {[%clk 00:16:47]} {[%emt 00:00:51]} 55. Kf2 {[%clk 00:45:02]}
{[%emt 00:01:31]} Ne5 {[%clk 00:15:31]} {[%emt 00:01:46]} 56. Ra4 {[%clk
00:44:59]} {[%emt 00:00:32]} Kc3 {[%clk 00:15:15]} {[%emt 00:00:47]} 57. Ke3
{[%clk 00:44:40]} {[%emt 00:00:49]} Rc7 {[%clk 00:12:24]} {[%emt 00:03:22]} 58.
Re4 {[%clk 00:44:12]} {[%emt 00:00:57]} Nd3 {[%clk 00:06:15]} {[%emt 00:09:18]}
59. Rc4+ {[%clk 00:43:17]} {[%emt 00:00:14]} Rxc4 {[%clk 00:06:44]} 60. bxc4
{[%clk 00:42:37]} {[%emt 00:00:15]} Kxc4 {[%clk 00:07:13]} 61. Ke4 {[%clk
00:41:52]} {[%emt 00:00:44]} g6 {[%clk 00:07:30]} {[%emt 00:00:13]} 62. h4
{[%clk 00:37:53]} {[%emt 00:04:26]} Ne1 {[%clk 00:05:42]} {[%emt 00:02:20]} 63.
g3 {[%clk 00:36:24]} {[%emt 00:01:59]} Nd3 {[%clk 00:06:01]} {[%emt 00:00:12]}
64. a3 {[%clk 00:36:04]} {[%emt 00:00:51]} h5 {[%clk 00:02:01]} {[%emt
00:04:29]} 65. a4 {[%clk 00:35:47]} {[%emt 00:00:47]} Nc5 {[%clk 00:01:37]}
{[%emt 00:00:53]} 66. Ke5 {[%clk 00:35:35]} {[%emt 00:00:43]} Kb4 {[%clk
00:01:17]} {[%emt 00:00:50]} 67. Kf6 {[%emt 00:03:42]} Ne4+ {[%emt 00:00:01]}
68. Kxg6 1/2-1/2

[Event "DEM U14 2024"]
[Site "Willingen GER"]
[Date "2024.05.19"]
[Round "2"]
[White "Martemyanov, Mikhail"]
[Black "Jablonski, Ture"]
[Result "1-0"]
[Termination "normal"]
[Board "25"]
[WhiteElo "1720"]
[BlackElo "1583"]
[WhiteClock "00:59:34"]
[BlackClock "01:01:25"]
[PlyCount "53"]
[WhiteFideId "34303774"]
[BlackFideId "34640452"]
[EventCountry "GER"]
[EventRounds "9"]
[EventType "swiss"]
[EventDate "2024.05.18"]

1. e4 {[%clk 01:30:56]} {[%emt 00:00:03]} d6 {[%clk 01:31:00]} 2. d4 {[%clk
01:30:49]} {[%emt 00:00:37]} Nf6 {[%clk 01:31:27]} {[%emt 00:00:03]} 3. Nc3
{[%clk 01:27:27]} {[%emt 00:03:52]} e5 {[%clk 01:31:07]} {[%emt 00:00:50]} 4.
dxe5 {[%clk 01:23:31]} {[%emt 00:04:27]} dxe5 {[%clk 01:31:35]} {[%emt
00:00:02]} 5. Qxd8+ Kxd8 {[%clk 01:32:03]} 6. Bg5 {[%clk 01:23:49]} {[%emt
00:00:35]} Be7 {[%clk 01:29:00]} {[%emt 00:03:33]} 7. Nf3 {[%clk 01:21:11]}
{[%emt 00:03:09]} Nc6 {[%clk 01:26:48]} {[%emt 00:02:41]} 8. O-O-O+ {[%clk
01:19:54]} {[%emt 00:01:47]} Bd7 {[%clk 01:25:01]} {[%emt 00:02:17]} 9. Bb5
{[%clk 01:08:31]} {[%emt 00:11:53]} Ke8 {[%clk 01:21:58]} {[%emt 00:03:33]} 10.
Rhe1 {[%clk 01:07:40]} {[%emt 00:01:21]} Bd6 {[%clk 01:21:33]} {[%emt
00:00:55]} 11. Bxf6 {[%clk 01:04:45]} {[%emt 00:03:25]} gxf6 {[%clk 01:21:58]}
{[%emt 00:00:05]} 12. Nd5 {[%clk 01:05:12]} {[%emt 00:00:04]} f5 {[%clk
01:17:55]} {[%emt 00:04:32]} 13. Nf6+ {[%clk 01:04:40]} {[%emt 00:01:02]} Ke7
{[%clk 01:15:50]} {[%emt 00:02:35]} 14. Nxd7 {[%clk 01:05:01]} {[%emt
00:00:10]} fxe4 {[%clk 01:15:49]} {[%emt 00:00:30]} 15. Bxc6 {[%clk 01:02:48]}
{[%emt 00:02:43]} exf3 {[%clk 01:13:13]} {[%emt 00:03:05]} 16. Bxb7 {[%clk
01:02:11]} {[%emt 00:01:08]} Kxd7 {[%clk 01:08:10]} {[%emt 00:05:33]} 17. Bxa8
{[%clk 01:01:39]} {[%emt 00:01:02]} Rxa8 {[%clk 01:08:36]} {[%emt 00:00:04]}
18. Rxe5 {[%clk 00:59:47]} {[%emt 00:02:23]} f6 {[%clk 01:08:47]} {[%emt
00:00:18]} 19. Rh5 {[%clk 00:58:53]} {[%emt 00:01:23]} fxg2 {[%clk 01:06:04]}
{[%emt 00:03:13]} 20. Rxh7+ {[%clk 00:59:13]} {[%emt 00:00:11]} Ke6 {[%clk
01:05:28]} {[%emt 00:01:07]} 21. Rg7 {[%clk 00:59:36]} {[%emt 00:00:07]} Rd8
{[%clk 01:01:16]} {[%emt 00:04:41]} 22. Re1+ {[%clk 00:59:51]} {[%emt
00:00:16]} Kf5 {[%clk 01:00:27]} {[%emt 00:01:19]} 23. Rxg2 {[%clk 00:59:52]}
{[%emt 00:00:28]} Bf4+ {[%clk 01:00:20]} {[%emt 00:00:38]} 24. Kb1 {[%clk
01:00:17]} {[%emt 00:00:05]} Bd2 {[%clk 01:00:46]} {[%emt 00:00:04]} 25. Rd1
{[%clk 01:00:25]} {[%emt 00:00:21]} Re8 {[%clk 01:01:15]} 26. f3 {[%clk
01:00:30]} {[%emt 00:00:27]} Bg5 {[%clk 01:01:25]} {[%emt 00:00:19]} 27. c3
{[%clk 00:59:34]} {[%emt 00:01:26]} 1-0